000 00304nam a22001337a 4500
008 171102b xxu||||| |||| 00| 0 eng d
020 _a9781885693334
041 _aeng
080 _a339.138
100 _a60
101 _aMAR
245 _aFUNDAMENTALS OF SPORT MARKETING
_cPITTS,B.G
942 _2udc
_cBK
999 _c37310
_d37310